| 000 | 00446nam a2200157Ia 4500 | ||
|---|---|---|---|
| 008 | 220216s9999 xx 000 0 und d | ||
| 100 | _aDuarte J | ||
| 245 | 0 | _aOn the modelling of rubber ageing and performance changes in rubbery components | |
| 260 |
_bKautschuk Gummi Kunststoffe _c2007 |
||
| 300 | _a172-175 | ||
| 650 | _aAgeing | ||
| 650 | _aNetwork degradation | ||
| 650 | _aNumerical simulation | ||
| 700 | _aAchenbach M | ||
| 942 | _cJS | ||
| 999 |
_c64369 _d64369 |
||